00311nam a2200121Ia 4500008004100000020001500041050000700056050001000063245004100073260004000114260000900154300002600163160319s9999 xx 000 0 und d a8179040887 a30 bN599t 4aThe book of 101 impressive answers / bApple Publishing International Ltd. c2004 bcolor illustrations :